Library Logo

Pioneer International University Library Catalogue

MSICHANA ALIYEOKOA WATU (Record no. 9630)

MARC details
000 -LEADER
fixed length control field 00429nam a22001577a 4500
003 - CONTROL NUMBER IDENTIFIER
control field OSt
005 - DATE AND TIME OF LATEST TRANSACTION
control field 20251021061709.0
008 - FIXED-LENGTH DATA ELEMENTS--GENERAL INFORMATION
fixed length control field 251021b |||||||| |||| 00| 0 eng d
020 ## - INTERNATIONAL STANDARD BOOK NUMBER
International Standard Book Number 7989966794034
040 ## - CATALOGING SOURCE
Transcribing agency MARIMBA PUBLICATIONS LTD
050 ## - LIBRARY OF CONGRESS CALL NUMBER
Classification number PL 8704 .M83 2009
245 ## - TITLE STATEMENT
Title MSICHANA ALIYEOKOA WATU
Statement of responsibility, etc. MWAKOTI, ENAN
250 ## - EDITION STATEMENT
Edition statement IST EDITION
260 ## - PUBLICATION, DISTRIBUTION, ETC.
Place of publication, distribution, etc. NAIROBI, KENYA
Name of publisher, distributor, etc. MARIMBA PUBLICATIONS LTD
Date of publication, distribution, etc. 2009
942 ## - ADDED ENTRY ELEMENTS (KOHA)
Source of classification or shelving scheme Library of Congress Classification
Koha item type Books
Suppress in OPAC No

No items available.